[Event "GER-ch 67th"]
[Site "Binz"]
[Date "1995.??.??"]
[Round "4"]
[White "Lutz, Christopher"]
[Black "Lagunow, Alexander"]
[Result "1/2-1/2"]
[WhiteElo "2575"]
[BlackElo "2395"]
[EventDate "1995.11.??"]
[PlyCount "89"]

1. e4 c5 2. Nf3 d6 3. c3 Nf6 4. Be2 g6 5. O-O Bg7 6. Bb5+ Nc6 7. d4 cxd4 8. cxd4 d5 9. e5 Ne4 10. Ne1 f6 11. f3 Ng5 12. Bxg5 fxg5 13. Nc3 O-O 14. Nc2 Bd7 15. Qd2 e6 16. Kh1 Qb6 17. a4 Rf7 18. Rfc1 Na5 19. Qe3 a6 20. Bxd7 Rxd7 21. b4 Nc6 22. a5 Qd8 23. Na4 Rf7 24. Nc5 Qe7 25. Rf1 Raf8 26. Kg1 Rf5 27. Rab1 Qf7 28. b5 Nxa5 29. bxa6 Nc4 30. Qd3 b6 31. Na4 Qa7 32. Na3 Nxa3 33. Qxa3 Rb8 34. Qd3 b5 35. Nc5 Bxe5 36. Qe3 Bg7 37. Qxe6+ Kh8 38. Kh1 Bxd4 39. Nb7 Rf6 40. Qxd5 Qxa6 41. Rxb5 Bb2 42. Nd6 Rxb5 43. Qxb5 Qxb5 44. Nxb5 g4 45. f4 1/2-1/2

[Event "GER-ch 67th"]
[Site "Binz"]
[Date "1995.??.??"]
[Round "4"]
[White "Machelett, Heiko"]
[Black "Molinaroli, Martin"]
[Result "0-1"]
[WhiteElo "2385"]
[BlackElo "2310"]
[EventDate "1995.11.??"]
[PlyCount "120"]

1. d4 Nf6 2. Nf3 c5 3. c3 e6 4. Bg5 Qb6 5. Qc2 cxd4 6. cxd4 Nc6 7. e3 d5 8. Nc3 Bd7 9. Be2 Rc8 10. O-O Ne4 11. Bf4 Be7 12. Rfc1 O-O 13. Nd2 Nxd2 14. Qxd2 Na5 15. b3 Ba3 16. Rc2 Bb4 17. Rac1 Ba3 18. Rd1 Qb4 19. Bd3 Qb6 20. Qe2 Rfe8 21. h3 a6 22. Qg4 Qd8 23. Qg3 Nc6 24. Nb1 Be7 25. a3 f6 26. Rdc1 Bf8 27. Bd6 Bxd6 28. Qxd6 Qe7 29. Qc5 Qd8 30. Be2 Kf7 31. Nd2 Ne7 32. Qb4 Rxc2 33. Rxc2 Qb8 34. Bd3 g6 35. Qb6 Rc8 36. Rc5 Rc6 37. Rxc6 Bxc6 38. b4 Nc8 39. Qa5 Qd6 40. Nb3 Na7 41. a4 Nc8 42. b5 axb5 43. axb5 b6 44. Qc3 Bd7 45. Nd2 Na7 46. Qb2 Nc8 47. Nf3 Qc7 48. g4 Nd6 49. Kg2 Kg7 50. Qb4 Nf7 51. Qa3 Kg8 52. Nd2 Kg7 53. Nb1 Qd6 54. Qc3 e5 55. Be2 Ng5 56. Qa1 Ne6 57. dxe5 fxe5 58. Qa3 Nc5 59. Qa8 d4 60. Bc4 Be6 0-1

[Event "GER-ch 67th"]
[Site "Binz"]
[Date "1995.??.??"]
[Round "4"]
[White "Matthias, Heiner"]
[Black "Siebrecht, Sebastian"]
[Result "1/2-1/2"]
[WhiteElo "2330"]
[BlackElo "2325"]
[EventDate "1995.11.??"]
[PlyCount "24"]

1. e4 g6 2. d4 Bg7 3. Nc3 d6 4. Bc4 Nf6 5. Qe2 e5 6. dxe5 dxe5 7. Nf3 Qe7 8. O-O O-O 9. a4 Nc6 10. Bg5 Bg4 11. Nd5 Qd6 12. c3 Nxd5 1/2-1/2

[Event "GER-ch 67th"]
[Site "Binz"]
[Date "1995.??.??"]
[Round "4"]
[White "Pohlers, Juergen"]
[Black "Roeber, Bjoern"]
[Result "1/2-1/2"]
[WhiteElo "2105"]
[BlackElo "2210"]
[EventDate "1995.11.??"]
[PlyCount "83"]

1. d4 Nf6 2. c4 g6 3. Nc3 d5 4. Bf4 Bg7 5. e3 c5 6. dxc5 Qa5 7. Qd2 dxc4 8. Bxc4 O-O 9. Rd1 Qxc5 10. Bb3 Nc6 11. Nge2 Bf5 12. O-O Rad8 13. Qc1 Bd3 14. Rfe1 e5 15. Bg5 e4 16. Bxf6 Bxf6 17. Nxe4 Qe5 18. Nxf6+ Qxf6 19. Qc3 Qxc3 20. Nxc3 Nb4 21. Rd2 Ba6 22. Red1 Rxd2 23. Rxd2 Nd3 24. Nd5 Nc5 25. Bc2 Bc4 26. Nc3 Rc8 27. f3 a6 28. Kf2 b5 29. b4 Ne6 30. Be4 Rc7 31. Nd5 Bxd5 32. Bxd5 Rc3 33. Bxe6 fxe6 34. Ke2 Kf8 35. Rb2 Ke7 36. Kd2 Rc4 37. a3 Kd6 38. Kd3 Rc1 39. Rc2 Ra1 40. Rc3 Ra2 41. g4 Rxh2 42. g5 1/2-1/2

[Event "GER-ch 67th"]
[Site "Binz"]
[Date "1995.??.??"]
[Round "4"]
[White "Schlosser, Philipp"]
[Black "Stern, Rene"]
[Result "1/2-1/2"]
[WhiteElo "2500"]
[BlackElo "2435"]
[EventDate "1995.11.??"]
[PlyCount "76"]

1. c4 e6 2. g3 d5 3. Bg2 Nf6 4. Nf3 c6 5. Qc2 Be7 6. O-O O-O 7. d4 Nbd7 8. b3 b5 9. c5 Ne4 10. Bb2 f5 11. Ne1 Bg5 12. Nd3 a5 13. e3 Qf6 14. Re1 Qh6 15. Nd2 Ra7 16. a3 Bd8 17. b4 a4 18. f3 Nxd2 19. Qxd2 Nf6 20. Rad1 Bd7 21. e4 Qxd2 22. Rxd2 g5 23. exf5 exf5 24. Ne5 g4 25. fxg4 Nxg4 26. Nxd7 Rxd7 27. Rde2 Rff7 28. Re6 Rde7 29. Bc3 Rc7 30. Re8+ Rf8 31. R1e6 Kf7 32. Rxf8+ Kxf8 33. h3 Nf6 34. Bd2 Kf7 35. Re5 Kg6 36. Re6 Kf7 37. Re5 Kg6 38. Re6 Kf7 1/2-1/2

[Event "GER-ch 67th"]
[Site "Binz"]
[Date "1995.??.??"]
[Round "4"]
[White "Teske, Henrik"]
[Black "Vuckovic, Aleksandar"]
[Result "1/2-1/2"]
[WhiteElo "2500"]
[BlackElo "2290"]
[EventDate "1995.11.??"]
[PlyCount "48"]

1. c4 Nf6 2. d4 e5 3. dxe5 Ng4 4. Nh3 Nxe5 5. e3 Nbc6 6. Nc3 d6 7. Nf4 g6 8. b3 Bg7 9. Bb2 O-O 10. Be2 Be6 11. O-O a6 12. Rc1 Qh4 13. Rc2 Bg4 14. f3 Be6 15. Ncd5 Rac8 16. Rd2 g5 17. Nxe6 fxe6 18. Nc3 Ne7 19. Qe1 Qxe1 20. Rxe1 Nf5 21. Bd1 Nh4 22. Rf1 Nf5 23. Re1 Nh4 24. Rf1 Nf5 1/2-1/2

[Event "GER-ch 67th"]
[Site "Binz"]
[Date "1995.??.??"]
[Round "4"]
[White "Voekler, Bernd"]
[Black "Rudolf, Henrik"]
[Result "1-0"]
[WhiteElo "2360"]
[BlackElo "2280"]
[EventDate "1995.11.??"]
[PlyCount "61"]

1. e4 g6 2. d4 Bg7 3. Nc3 d6 4. Bg5 c6 5. Qd2 b5 6. f4 Bb7 7. Nf3 Nd7 8. Bd3 b4 9. Ne2 c5 10. c3 Qb6 11. cxb4 cxd4 12. a4 Ngf6 13. a5 Qc7 14. Rc1 Qb8 15. Ng3 e5 16. O-O O-O 17. f5 d5 18. a6 dxe4 19. axb7 Qxb7 20. Bc4 exf3 21. fxg6 hxg6 22. Rxf3 Rac8 23. b3 e4 24. Rf4 e3 25. Qe2 Nd5 26. Rh4 Ne5 27. Rxd4 Nf3+ 28. Qxf3 Bxd4 29. Ne2 Rxc4 30. bxc4 Nc3 31. Nxd4 1-0

[Event "GER-ch 67th"]
[Site "Binz"]
[Date "1995.??.??"]
[Round "4"]
[White "Wesseln, Kai"]
[Black "Meyer, Ingo"]
[Result "1/2-1/2"]
[WhiteElo "2365"]
[BlackElo "2305"]
[EventDate "1995.11.??"]
[PlyCount "93"]

1. c4 e5 2. Nc3 Bb4 3. g3 c6 4. Bg2 Nf6 5. Nf3 Qe7 6. O-O O-O 7. d4 e4 8. Ne1 d5 9. Nc2 Ba5 10. cxd5 cxd5 11. Bg5 Bxc3 12. bxc3 Nbd7 13. Ne3 Qe6 14. c4 h6 15. cxd5 Nxd5 16. Nxd5 Qxd5 17. Bf4 Nf6 18. Qd2 Rd8 19. Rfd1 Bf5 20. Be5 Ng4 21. Bf4 Rac8 22. h3 Nf6 23. Be3 Qd7 24. g4 Bg6 25. Rac1 Nd5 26. Rxc8 Rxc8 27. Rc1 Rc6 28. Rxc6 Qxc6 29. Qa5 Qc4 30. Bf1 a6 31. Qd8+ Kh7 32. h4 Nxe3 33. fxe3 Qe6 34. Bh3 Bh5 35. d5 Qe5 36. gxh5 Qg3+ 37. Bg2 Qxe3+ 38. Kf1 Qf4+ 39. Kg1 Qe3+ 40. Kf1 Qf4+ 41. Ke1 Qc1+ 42. Kf2 Qf4+ 43. Bf3 exf3 44. exf3 f6 45. Ke2 Qc4+ 46. Ke3 Qxa2 47. d6 1/2-1/2

[Event "GER-ch 67th"]
[Site "Binz"]
[Date "1995.??.??"]
[Round "4"]
[White "Zude, Arno"]
[Black "Slobodjan, Roman"]
[Result "1/2-1/2"]
[WhiteElo "2405"]
[BlackElo "2500"]
[EventDate "1995.11.??"]
[PlyCount "30"]

1. e4 d6 2. d4 Nf6 3. Nc3 g6 4. Be3 c6 5. Qd2 b5 6. Bd3 Nbd7 7. Nf3 Bg7 8. Bh6 Bxh6 9. Qxh6 e5 10. dxe5 dxe5 11. h3 Qe7 12. O-O Qf8 13. Qg5 Qe7 14. Qh6 Qf8 15. Qg5 Qe7 1/2-1/2

[Event "GER-ch 67th"]
[Site "Binz"]
[Date "1995.??.??"]
[Round "5"]
[White "Boensch, Uwe"]
[Black "Zude, Arno"]
[Result "0-1"]
[WhiteElo "2560"]
[BlackElo "2405"]
[EventDate "1995.11.??"]
[PlyCount "142"]

1. d4 Nf6 2. c4 e6 3. g3 d5 4. Nf3 dxc4 5. Qa4+ Nbd7 6. Bg2 a6 7. Qxc4 c5 8. Qc2 b6 9. Nc3 Bb7 10. Be3 Rc8 11. Rd1 b5 12. dxc5 Bxc5 13. Bxc5 Rxc5 14. Qb3 O-O 15. O-O Qc7 16. Ne1 Bxg2 17. Nxg2 Ne5 18. Ne3 Nc4 19. Nxc4 Rxc4 20. a3 h5 21. Rd3 h4 22. Qd1 g6 23. Rd4 hxg3 24. hxg3 Kg7 25. Rxc4 Qxc4 26. Qd6 Rh8 27. Rd1 Qg4 28. Qc6 Qh5 29. Qg2 Ng4 30. Ne4 Ne5 31. Nc3 Nc4 32. Rd7 Nxb2 33. g4 Qe5 34. Qf3 Qh2+ 35. Kf1 Qh1+ 36. Qxh1 Rxh1+ 37. Kg2 Ra1 38. Ra7 Nc4 39. Rxa6 Rxa3 40. Rxa3 Nxa3 41. g5 b4 42. Na4 Nc4 43. Nc5 Nd2 44. Nd3 b3 45. Nb2 f6 46. f3 fxg5 47. Kf2 Kf6 48. Ke3 Nb1 49. Kd3 Na3 50. Kc3 Nc2 51. Nc4 e5 52. Nd2 Nd4 53. e3 Nxf3 54. Nxf3 g4 55. Nd2 Kf5 56. Kd3 g3 57. Ke2 Kg4 58. Kf1 Kh3 59. Kg1 b2 60. Nb1 g2 61. Nd2 Kg3 62. e4 g5 63. Nb1 Kf3 64. Nc3 g4 65. Nb1 Kxe4 66. Kxg2 Kd3 67. Kg3 e4 68. Kxg4 e3 69. Kf3 e2 70. Kf2 Kc2 71. Na3+ Kd1 0-1

[Event "GER-ch 67th"]
[Site "Binz"]
[Date "1995.??.??"]
[Round "5"]
[White "Enders, Peter"]
[Black "Wahls, Matthias"]
[Result "0-1"]
[WhiteElo "2470"]
[BlackElo "2550"]
[EventDate "1995.11.??"]
[PlyCount "84"]

1. e4 d5 2. exd5 Qxd5 3. Nc3 Qa5 4. d4 c6 5. Bc4 Nf6 6. Nf3 Bf5 7. Bd2 e6 8. Qe2 Bb4 9. O-O-O Nbd7 10. a3 Bxc3 11. Bxc3 Qc7 12. Bd2 b5 13. Ba2 Be4 14. Kb1 O-O 15. Bg5 Bd5 16. Ne5 Nxe5 17. dxe5 Ne4 18. Bf4 f6 19. Rhe1 fxe5 20. Be3 Nf6 21. f3 e4 22. fxe4 Nxe4 23. Bg1 Rad8 24. Ka1 a6 25. c4 bxc4 26. Bxc4 a5 27. Qc2 Nf6 28. Bxd5 exd5 29. Re6 Rc8 30. Qc5 Ne4 31. Qb6 Qxb6 32. Bxb6 a4 33. Ka2 Rf5 34. Re7 Rf7 35. Ra7 Rxa7 36. Bxa7 Ra8 37. Be3 Kf7 38. Rc1 Rc8 39. Rd1 Ke6 40. Rd4 Ra8 41. Rb4 c5 42. Rb7 d4 0-1

[Event "GER-ch 67th"]
[Site "Binz"]
[Date "1995.??.??"]
[Round "5"]
[White "Gerstner, Wolfgang"]
[Black "Teske, Henrik"]
[Result "0-1"]
[WhiteElo "2370"]
[BlackElo "2500"]
[EventDate "1995.11.??"]
[PlyCount "32"]

1. Nf3 c5 2. e4 e6 3. c4 Nc6 4. Nc3 Nf6 5. e5 Ng4 6. Qe2 d6 7. exd6 Bxd6 8. Ne4 O-O 9. d3 f5 10. Nxd6 Qxd6 11. h3 Nge5 12. Nxe5 Nd4 13. Qd1 Qxe5+ 14. Be2 Bd7 15. Be3 Bc6 16. O-O Nxe2+ 0-1

[Event "GER-ch 67th"]
[Site "Binz"]
[Date "1995.??.??"]
[Round "5"]
[White "Hennings, Artur"]
[Black "Pohlers, Juergen"]
[Result "1-0"]
[WhiteElo "2345"]
[BlackElo "2105"]
[EventDate "1995.11.??"]
[PlyCount "35"]

1. e4 c5 2. f4 e5 3. Nf3 exf4 4. Bc4 Nc6 5. d3 Bd6 6. Nc3 Nf6 7. O-O O-O 8. Kh1 a6 9. a4 Qc7 10. Nh4 Be5 11. Ne2 g5 12. Nf3 h6 13. g3 d6 14. gxf4 gxf4 15. Bxf4 Bxf4 16. Nxf4 Kh8 17. Qd2 Qd8 18. Nh5 1-0

[Event "GER-ch 67th"]
[Site "Binz"]
[Date "1995.??.??"]
[Round "5"]
[White "Kachiani Gersinska, Ketino"]
[Black "Reddmann, Hauke"]
[Result "1-0"]
[WhiteElo "2360"]
[BlackElo "2285"]
[EventDate "1995.11.??"]
[PlyCount "85"]

1. d4 f5 2. g3 Nf6 3. Bg2 e6 4. c4 Bb4+ 5. Bd2 Bxd2+ 6. Nxd2 d6 7. Ngf3 O-O 8. O-O Nc6 9. Qb3 Qe7 10. e3 Kh8 11. d5 Nd8 12. Rac1 a5 13. Ne1 Ra6 14. Nd3 b6 15. dxe6 Nxe6 16. Qc2 Bd7 17. b3 Nc5 18. Nf4 g5 19. Nd5 Nxd5 20. Bxd5 Qf6 21. a3 Be8 22. Qc3 Nd7 23. f4 g4 24. e4 Qxc3 25. Rxc3 fxe4 26. Nxe4 Bg6 27. Ng5 Nc5 28. Re3 Re8 29. Rxe8+ Bxe8 30. Re1 Bg6 31. Re3 Ra7 32. Re7 Nxb3 33. h3 h5 34. hxg4 hxg4 35. Ne6 Bf5 36. Ng5 Bg6 37. f5 Bxf5 38. Nf7+ Kg7 39. Nxd6+ Kg6 40. Nb5 Ra6 41. Bb7 Nc5 42. Bxa6 Nxa6 43. Nxc7 1-0

[Event "GER-ch 67th"]
[Site "Binz"]
[Date "1995.??.??"]
[Round "5"]
[White "Knuth, Hannes"]
[Black "Boehnisch, Manfred"]
[Result "0-1"]
[WhiteElo "2265"]
[BlackElo "2315"]
[EventDate "1995.11.??"]
[PlyCount "83"]

1. d4 d5 2. c4 c6 3. Nc3 dxc4 4. e3 b5 5. a4 b4 6. Nb1 Ba6 7. Nf3 Nf6 8. Ne5 e6 9. Nd2 c3 10. bxc3 Bxf1 11. Kxf1 bxc3 12. Nb1 Bb4 13. Qb3 a5 14. Nxc3 O-O 15. Ba3 Qe7 16. Ke2 Nfd7 17. Nc4 c5 18. Rhd1 cxd4 19. Rxd4 Nc6 20. Rxd7 Qxd7 21. Nb6 Qd6 22. Nxa8 Rxa8 23. Qc4 Ne5 24. Qe4 Rd8 25. Rd1 Qxd1+ 26. Nxd1 Rd2+ 27. Ke1 Rd4+ 28. Bxb4 Rxe4 29. Bc3 Nd3+ 30. Kd2 Nc5 31. Bxa5 Rxa4 32. Bc3 Ra2+ 33. Ke1 Nd3+ 34. Kf1 Rc2 35. Ba5 f5 36. f3 Kf7 37. Nc3 Rf2+ 38. Kg1 Rb2 39. Kf1 g5 40. e4 f4 41. Nd1 Ra2 42. Be1 0-1

[Event "GER-ch 67th"]
[Site "Binz"]
[Date "1995.??.??"]
[Round "5"]
[White "Krause, Ullrich"]
[Black "Schirm, Friedmar"]
[Result "1-0"]
[WhiteElo "2260"]
[BlackElo "2315"]
[EventDate "1995.11.??"]
[PlyCount "87"]

1. d4 Nf6 2. Nf3 g6 3. Bg5 Bg7 4. Nbd2 d5 5. e3 c5 6. c3 Qb6 7. Qb3 Nc6 8. Be2 O-O 9. O-O Bf5 10. h3 Rfe8 11. Bf4 c4 12. Qxb6 axb6 13. Ne5 b5 14. a3 Nd7 15. Nxd7 Bxd7 16. Bf3 Be6 17. e4 dxe4 18. Nxe4 Bd5 19. Nf6+ Bxf6 20. Bxd5 e5 21. dxe5 Bxe5 22. Be3 Bf6 23. Rad1 Re7 24. Bf3 Ne5 25. Be2 Kg7 26. Rd5 Ra5 27. Rfd1 Re6 28. Rd6 Rxd6 29. Rxd6 b4 30. cxb4 Ra6 31. Rd5 Re6 32. Bd4 Nd7 33. Bxc4 Re1+ 34. Kh2 Ne5 35. b3 b5 36. Rxb5 Nf3+ 37. gxf3 Bxd4 38. Rb7 Bxf2 39. Rxf7+ Kh6 40. a4 Rc1 41. Kg2 Rc2 42. b5 Bd4+ 43. Kf1 Kg5 44. h4+ 1-0

[Event "GER-ch 67th"]
[Site "Binz"]
[Date "1995.??.??"]
[Round "5"]
[White "Lagunow, Alexander"]
[Black "Bischoff, Klaus"]
[Result "1/2-1/2"]
[WhiteElo "2395"]
[BlackElo "2550"]
[EventDate "1995.11.??"]
[PlyCount "26"]

1. Nf3 g6 2. g3 Bg7 3. d4 c5 4. c3 cxd4 5. cxd4 d5 6. Bg2 Nc6 7. Nc3 e6 8. O-O Nge7 9. b3 O-O 10. Ba3 Qa5 11. Na4 Bd7 12. Qe1 Qxe1 13. Rfxe1 b6 1/2-1/2

[Event "GER-ch 67th"]
[Site "Binz"]
[Date "1995.??.??"]
[Round "5"]
[White "Loew, Gerald"]
[Black "Schaller, Sven"]
[Result "1/2-1/2"]
[WhiteElo "2285"]
[BlackElo "2275"]
[EventDate "1995.11.??"]
[PlyCount "40"]

1. e4 e6 2. d4 d5 3. Nd2 c5 4. Ngf3 Nf6 5. e5 Nfd7 6. c3 Nc6 7. Bd3 Rb8 8. O-O b5 9. Re1 b4 10. c4 dxc4 11. Nxc4 cxd4 12. Ng5 Qc7 13. Qf3 Nc5 14. Nxf7 Qxf7 15. Qxc6+ Bd7 16. Nd6+ Bxd6 17. Qxd6 Rc8 18. Qxd4 Nxd3 19. Qxd3 O-O 20. Be3 Bc6 1/2-1/2

[Event "GER-ch 67th"]
[Site "Binz"]
[Date "1995.??.??"]
[Round "5"]
[White "Luther, Thomas"]
[Black "Voekler, Bernd"]
[Result "1-0"]
[WhiteElo "2550"]
[BlackElo "2360"]
[EventDate "1995.11.??"]
[PlyCount "51"]

1. e4 c5 2. Nf3 d6 3. d4 cxd4 4. Nxd4 Nf6 5. Nc3 a6 6. Bg5 e6 7. f4 Nbd7 8. Qf3 Qc7 9. O-O-O b5 10. a3 Rb8 11. f5 e5 12. Nb3 b4 13. axb4 Rxb4 14. Bxf6 Nxf6 15. g4 Bb7 16. Bd3 d5 17. exd5 Rxg4 18. Rhe1 Rb4 19. Qg3 Nd7 20. Kb1 g6 21. fxg6 hxg6 22. Bxg6 Rg8 23. Bxf7+ Kxf7 24. Qh3 Rg6 25. Rg1 Rbb6 26. Qh7+ 1-0

[Event "GER-ch 67th"]
[Site "Binz"]
[Date "1995.??.??"]
[Round "5"]
[White "Meyer, Ingo"]
[Black "Machelett, Heiko"]
[Result "0-1"]
[WhiteElo "2305"]
[BlackElo "2385"]
[EventDate "1995.11.??"]
[PlyCount "62"]

1. e4 c5 2. Nf3 Nc6 3. Bb5 g6 4. O-O Bg7 5. Re1 e5 6. Bxc6 dxc6 7. d3 f6 8. Be3 Qe7 9. Qd2 Bg4 10. Qc3 b6 11. b4 Bh6 12. bxc5 Bxe3 13. cxb6 Bc5 14. d4 exd4 15. Nxd4 Qe5 16. b7 Rb8 17. Nxc6 Qxc3 18. Nxc3 Rxb7 19. e5 Rc7 20. exf6+ Kf8 21. Nd8 Rc8 22. Ne4 Bd4 23. c3 Bxf6 24. Nb7 Be7 25. Re3 Nf6 26. Ned6 Rc6 27. Rd3 Be2 28. Rd2 Ba6 29. Rc1 Kg7 30. c4 Rb8 31. Rb1 Rxd6 0-1

[Event "GER-ch 67th"]
[Site "Binz"]
[Date "1995.??.??"]
[Round "5"]
[White "Mueller, Matthias"]
[Black "Lorscheid, Gerhard"]
[Result "1/2-1/2"]
[WhiteElo "2340"]
[BlackElo "2305"]
[EventDate "1995.11.??"]
[PlyCount "37"]

1. e4 d6 2. d4 Nf6 3. Nc3 g6 4. Nf3 Bg7 5. Be2 O-O 6. O-O c6 7. h3 Nbd7 8. a4 e5 9. dxe5 dxe5 10. Be3 Qe7 11. Qd3 Nh5 12. Rfd1 Nf4 13. Qd6 Nxe2+ 14. Nxe2 Bf6 15. Qxe7 Bxe7 16. Nd2 Nc5 17. Nc4 Nxe4 18. Nxe5 Bc5 19. Bxc5 1/2-1/2

[Event "GER-ch 67th"]
[Site "Binz"]
[Date "1995.??.??"]
[Round "5"]
[White "Odendahl, Reiner"]
[Black "Bastian, Herbert"]
[Result "0-1"]
[WhiteElo "2370"]
[BlackElo "2345"]
[EventDate "1995.11.??"]
[PlyCount "60"]

1. Nf3 Nf6 2. c4 g6 3. Nc3 Bg7 4. e4 d6 5. d4 O-O 6. Be2 Na6 7. O-O c5 8. d5 Nc7 9. Bf4 a6 10. h3 b5 11. e5 Nfe8 12. cxb5 axb5 13. Nxb5 Rb8 14. Nxc7 Qxc7 15. exd6 exd6 16. a4 Rxb2 17. a5 Nf6 18. a6 Ne4 19. a7 Bb7 20. Bc4 Nc3 21. Qe1 Rb4 22. Nd2 Nxd5 23. a8=Q Bxa8 24. Rxa8 Nxf4 25. Rxf8+ Kxf8 26. Qe3 d5 27. Re1 Bd4 28. Qe8+ Kg7 29. Re7 Nxh3+ 30. Kf1 Qf4 0-1

[Event "GER-ch 67th"]
[Site "Binz"]
[Date "1995.??.??"]
[Round "5"]
[White "Roeber, Bjoern"]
[Black "Kirschbaum, Gunnar"]
[Result "1/2-1/2"]
[WhiteElo "2210"]
[BlackElo "2205"]
[EventDate "1995.11.??"]
[PlyCount "109"]

1. d4 g6 2. c4 d6 3. Nc3 Bg7 4. g3 e5 5. Nf3 Nc6 6. d5 Nce7 7. Bg2 f5 8. e4 Bh6 9. Ng5 Bxg5 10. Bxg5 h6 11. Bd2 Nf6 12. O-O fxe4 13. Nxe4 Nxe4 14. Bxe4 Bf5 15. Re1 Qd7 16. f4 exf4 17. Bxf5 Qxf5 18. Bxf4 Rh7 19. c5 O-O-O 20. cxd6 cxd6 21. Rc1+ Kb8 22. Re6 Nc8 23. Qd4 g5 24. Rf6 Qd7 25. Be3 Nb6 26. b3 Qb5 27. Qe4 Rg7 28. Rxh6 Qxd5 29. Qxd5 Nxd5 30. Bd4 Rgg8 31. Rh7 Rde8 32. Rf1 Re7 33. Rff7 Rxf7 34. Rxf7 Nb4 35. a3 Nc6 36. Bf6 Kc8 37. h3 d5 38. Kf2 d4 39. h4 gxh4 40. gxh4 Nd8 41. Bxd8 Rxd8 42. Rf3 Kd7 43. Rh3 Ke6 44. h5 Kf7 45. h6 Kg8 46. h7+ Kh8 47. Ke2 Rc8 48. Kd2 Rc7 49. b4 a6 50. Rh4 Rc3 51. Rxd4 Rxa3 52. Rd8+ Kxh7 53. Rd7+ Kg8 54. Rxb7 a5 55. bxa5 1/2-1/2

[Event "GER-ch 67th"]
[Site "Binz"]
[Date "1995.??.??"]
[Round "5"]
[White "Rudolf, Henrik"]
[Black "Wesseln, Kai"]
[Result "1/2-1/2"]
[WhiteElo "2280"]
[BlackElo "2365"]
[EventDate "1995.11.??"]
[PlyCount "45"]

1. e4 c5 2. Nf3 Nc6 3. d4 cxd4 4. Nxd4 g6 5. Be3 Nf6 6. Nc3 Bg7 7. Bc4 Qa5 8. O-O O-O 9. Bb3 d6 10. h3 Bd7 11. f4 Nxd4 12. Bxd4 Bc6 13. Qd3 Nd7 14. Bxg7 Kxg7 15. Rae1 Kg8 16. Nd5 Bxd5 17. Bxd5 Qb6+ 18. Kh1 Qxb2 19. Rb1 Qf6 20. Bxb7 Rab8 21. e5 Qh4 22. Qd4 Nb6 23. Ba6 1/2-1/2

[Event "GER-ch 67th"]
[Site "Binz"]
[Date "1995.??.??"]
[Round "5"]
[White "Siebrecht, Sebastian"]
[Black "Buchal, Stephan"]
[Result "1-0"]
[WhiteElo "2325"]
[BlackElo "2295"]
[EventDate "1995.11.??"]
[PlyCount "81"]

1. e4 g6 2. d4 Bg7 3. Nc3 d6 4. Be3 a6 5. f3 Nd7 6. Qd2 b5 7. g4 c5 8. Nge2 Bb7 9. Bg2 Rc8 10. O-O cxd4 11. Bxd4 Ngf6 12. g5 Nh5 13. Bxg7 Nxg7 14. f4 h6 15. gxh6 Rxh6 16. f5 Rh8 17. fxg6 f6 18. Nd5 Bxd5 19. exd5 Ne5 20. Nd4 Qd7 21. Rae1 Qg4 22. Nc6 Qxg6 23. Qa5 Nf5 24. Qxa6 Rxc6 25. dxc6 Nh4 26. Re2 Nhf3+ 27. Rxf3 Nxf3+ 28. Kf2 Nd4 29. Qc8+ Kf7 30. Bd5+ e6 31. Qc7+ Kg8 32. Qb8+ Kg7 33. Qa7+ Kf8 34. Qxd4 Rxh2+ 35. Ke1 Rxe2+ 36. Kxe2 exd5 37. Kd2 Qg5+ 38. Kc3 Ke8 39. Kb4 Qe5 40. Qg4 Qxb2+ 41. Ka5 1-0

[Event "GER-ch 67th"]
[Site "Binz"]
[Date "1995.??.??"]
[Round "5"]
[White "Slobodjan, Roman"]
[Black "Schlosser, Philipp"]
[Result "1/2-1/2"]
[WhiteElo "2500"]
[BlackElo "2500"]
[EventDate "1995.11.??"]
[PlyCount "69"]

1. e4 c5 2. Nf3 d6 3. d4 cxd4 4. Nxd4 Nf6 5. Nc3 a6 6. Be2 e6 7. O-O Qc7 8. f4 Be7 9. a4 O-O 10. Kh1 b6 11. Bf3 Bb7 12. Qe1 Nc6 13. Be3 Nd7 14. Rd1 Nxd4 15. Bxd4 Bf6 16. Bxf6 Nxf6 17. Rf2 Rfd8 18. Rfd2 Rd7 19. g4 d5 20. e5 d4 21. Ne4 Nxe4 22. Bxe4 Rad8 23. Kg1 h6 24. Qe2 Qc5 25. Kg2 Bc6 26. b3 Bxe4+ 27. Qxe4 d3 28. c4 Rd4 29. Qf3 b5 30. axb5 axb5 31. Rxd3 bxc4 32. Rxd4 Rxd4 33. Rxd4 Qxd4 34. bxc4 Qxc4 35. h4 1/2-1/2

[Event "GER-ch 67th"]
[Site "Binz"]
[Date "1995.??.??"]
[Round "5"]
[White "Vatter, Hans Joachim"]
[Black "Kuraszkiewicz, Michael"]
[Result "1-0"]
[WhiteElo "2385"]
[BlackElo "2280"]
[EventDate "1995.11.??"]
[PlyCount "69"]

1. e4 e6 2. d4 d5 3. e5 c5 4. c3 Nc6 5. Nf3 Qb6 6. a3 Bd7 7. Be2 Rc8 8. dxc5 Bxc5 9. O-O Qc7 10. b4 Bb6 11. c4 dxc4 12. Bb2 Nge7 13. Nbd2 c3 14. Bxc3 Nd5 15. Bb2 Nf4 16. Rc1 Qb8 17. Nc4 Bc7 18. Re1 Nxe2+ 19. Rxe2 Ne7 20. Qd3 Nd5 21. Re4 h6 22. Rh4 b5 23. Ncd2 g5 24. Nxg5 Bxe5 25. Rxc8+ Bxc8 26. Bxe5 Qxe5 27. Ngf3 Qa1+ 28. Nf1 Bd7 29. Re4 Nf6 30. Re1 Qb2 31. Ne5 Rg8 32. Ng3 Rg5 33. f4 Rg8 34. Nxd7 Nxd7 35. Rd1 1-0

[Event "GER-ch 67th"]
[Site "Binz"]
[Date "1995.??.??"]
[Round "5"]
[White "Womacka, Mathias"]
[Black "Schulz, Karsten"]
[Result "1/2-1/2"]
[WhiteElo "2490"]
[BlackElo "2315"]
[EventDate "1995.11.??"]
[PlyCount "57"]

1. e4 g6 2. d4 Bg7 3. Nc3 d6 4. f4 Nc6 5. Be3 Nf6 6. Nf3 O-O 7. Qd2 e5 8. dxe5 dxe5 9. Qxd8 Rxd8 10. fxe5 Ng4 11. Bg5 Rd7 12. Nd5 Ncxe5 13. h3 h6 14. Bd2 c6 15. Nc3 Nxf3+ 16. gxf3 Ne5 17. Be2 Re7 18. f4 Nd7 19. O-O-O Nb6 20. Bd3 Be6 21. f5 Bc4 22. Rhf1 Bxd3 23. cxd3 Nd7 24. Be3 Kh7 25. d4 Rc8 26. Kb1 b5 27. e5 gxf5 28. Rxf5 f6 29. exf6 1/2-1/2

[Event "GER-ch 67th"]
[Site "Binz"]
[Date "1995.??.??"]
[Round "6"]
[White "Bastian, Herbert"]
[Black "Rudolf, Henrik"]
[Result "1-0"]
[WhiteElo "2345"]
[BlackElo "2280"]
[EventDate "1995.11.??"]
[PlyCount "71"]

1. e4 g6 2. d4 Bg7 3. c3 d5 4. e5 f6 5. Nf3 c5 6. exf6 Nxf6 7. dxc5 Nc6 8. Bb5 O-O 9. O-O Ne4 10. Be3 Bg4 11. Be2 e5 12. Nxe5 Bxe2 13. Nxc6 Bxd1 14. Nxd8 Rfxd8 15. Rxd1 Rac8 16. Nd2 Nxc5 17. Nf3 Na4 18. Rab1 Bxc3 19. bxc3 Nxc3 20. Bxa7 Nxd1 21. Rxd1 Rc2 22. a4 Ra8 23. Bb6 Rxa4 24. h3 Ra6 25. Be3 Rd6 26. Rb1 Rd7 27. Rb5 Rc8 28. Ne5 Re7 29. Rxd5 Rce8 30. Ng4 Ra8 31. Bg5 Rc7 32. Kh2 Rac8 33. Bd8 Rg7 34. Bf6 Rgc7 35. Be5 Re7 36. Nh6+ 1-0

[Event "GER-ch 67th"]
[Site "Binz"]
[Date "1995.??.??"]
[Round "6"]
[White "Boehnisch, Manfred"]
[Black "Lagunow, Alexander"]
[Result "0-1"]
[WhiteElo "2315"]
[BlackElo "2395"]
[EventDate "1995.11.??"]
[PlyCount "118"]

1. e4 c5 2. Nf3 d6 3. d4 cxd4 4. Nxd4 Nf6 5. Nc3 Nc6 6. Bg5 e6 7. Qd2 a6 8. O-O-O h6 9. Be3 Be7 10. f4 Nxd4 11. Bxd4 b5 12. Qe3 Bb7 13. Bxf6 gxf6 14. f5 Qa5 15. a3 b4 16. axb4 Qxb4 17. Rd4 Qc5 18. Na4 Qa5 19. Qc3 Qxc3 20. Nxc3 Kd7 21. Na4 Kc7 22. Rc4+ Bc6 23. h4 Rhb8 24. Rh3 Kd7 25. Bd3 d5 26. exd5 exd5 27. Rd4 Bd6 28. b3 Be5 29. Rg4 h5 30. Rg7 Ke7 31. Rh7 d4 32. Bc4 Bxg2 33. Rd3 Be4 34. Rxf7+ Kd6 35. Be6 Bxd3 36. cxd3 Bg3 37. Rxf6 Bxh4 38. Rg6 Ra7 39. Nb2 Ke5 40. Nc4+ Kf4 41. f6 Rf8 42. f7 Bg5 43. Kd1 Re7 44. Nd6 Rc7 45. Rg8 Be7 46. Ne8 Rc6 47. Ng7 Ke5 48. Bc4 h4 49. Ke2 Rxc4 50. bxc4 Rxf7 51. Ne8 Rf8 52. Rg6 Rxe8 53. Rxa6 Rh8 54. Kf2 h3 55. Kg1 h2+ 56. Kh1 Bd6 57. Ra5+ Ke6 58. c5 Bb8 59. c6 Rg8 0-1

[Event "GER-ch 67th"]
[Site "Binz"]
[Date "1995.??.??"]
[Round "6"]
[White "Buchal, Stephan"]
[Black "Meyer, Ingo"]
[Result "1/2-1/2"]
[WhiteElo "2295"]
[BlackElo "2305"]
[EventDate "1995.11.??"]
[PlyCount "51"]

1. g3 e5 2. Bg2 d5 3. d3 Nc6 4. Nf3 g6 5. O-O Bg7 6. e4 Nge7 7. Nbd2 O-O 8. Re1 d4 9. Nb3 a5 10. a4 Nb4 11. Bd2 Bd7 12. Nxa5 Rxa5 13. Bxb4 Rxa4 14. Qd2 b6 15. Rxa4 Bxa4 16. Ra1 Bd7 17. Qc1 c5 18. Bd2 Qc7 19. Ra3 Qb7 20. b4 Bc6 21. Qa1 Ra8 22. Rxa8+ Qxa8 23. Qxa8+ Bxa8 24. bxc5 bxc5 25. c3 Nc6 26. Kf1 1/2-1/2